000 00229nam a2200097Ia 4500
001 728289
005 20250826163505.0
008 250824s9999 xx 000 0 und d
245 0 _aBABAMA
_cAYŞE KULİN
260 _bEVEREST YAYINLARI
999 _c728289
_d728289